[Event "Bratislava exe op"]
[Site "Bratislava"]
[Date "2023.09.23"]
[Round "9"]
[White "Cichon, Michal1111"]
[Black "Mendelova, Adela"]
[Result "1/2-1/2"]
[WhiteElo "1173"]
[BlackElo "1367"]
[PlyCount "121"]
[EventDate "2023.09.15"]
[EventType "swiss"]
[EventRounds "9"]
[EventCountry "SVK"]
[SourceTitle "EXT 2024"]
[Source "ChessBase"]
[SourceDate "2023.10.10"]
[SourceVersion "1"]
[SourceVersionDate "2023.10.10"]
[SourceQuality "1"]

1. e4 e5 2. Nf3 Nc6 3. Bc4 Nf6 4. d3 Be7 5. c3 d6 6. Nbd2 0-0 7. 0-0 Na5 8. Bb5 a6 9. Ba4 b5 10. Bc2 c5 11. b4 cxb4 12. cxb4 Nc6 13. a3 Be6 14. Nb3 Rc8 15. Bb2 Bg4 16. h3 Bxf3 17. Qxf3 Nxb4 18. Bb1 Nc6 19. Ba2 Qd7 20. Rac1 Bd8 21. Rc2 Bb6 22. Rfc1 Rfe8 23. Qf5 Qxf5 24. exf5 Ne7 25. g4 Rxc2 26. Rxc2 Rc8 27. Rxc8+ Nxc8 28. d4 Nd7 29. Kg2 Ne7 30. Kf3 Kf8 31. Ke4 f6 32. f3 d5+ 33. Kd3 Nc6 34. dxe5 Ndxe5+ 35. Ke2 Nc4 36. Bc1 Ke7 37. f4 Nd4+ 38. Nxd4 Bxd4 39. Kd3 Bc5 40. a4 bxa4 41. Bxc4 dxc4+ 42. Kxc4 Kd6 43. h4 a3 44. Kb3 Kd5 45. g5 Ke4 46. g6 hxg6 47. fxg6 Kf5 48. h5 Bd6 49. Ka2 Bc7 50. Kxa3 Bd6+ 51. Ka4 Bc7 52. Kb4 Bd6+ 53. Ka5 Bf8 54. Kxa6 Kg4 55. Ba3 Kxh5 56. Bxf8 Kxg6 57. Bd6 Kf5 58. Kb6 g6 59. Kc5 g5 60. fxg5 Kxg5 61. Be7 1/2-1/2

[Event "Bratislava exe op"]
[Site "Bratislava"]
[Date "2023.09.18"]
[Round "4"]
[White "Mendelova, Adela"]
[Black "Kucera, Michal"]
[Result "0-1"]
[WhiteElo "1367"]
[BlackElo "1829"]
[PlyCount "102"]
[EventDate "2023.09.15"]
[EventType "swiss"]
[EventRounds "9"]
[EventCountry "SVK"]
[SourceTitle "EXT 2024"]
[Source "ChessBase"]
[SourceDate "2023.10.10"]
[SourceVersion "1"]
[SourceVersionDate "2023.10.10"]
[SourceQuality "1"]

1. e4 c5 2. Nf3 Nc6 3. Bb5 g6 4. Bxc6 bxc6 5. 0-0 Bg7 6. d3 e5 7. Nc3 Ne7 8. Be3 d6 9. Qe2 0-0 10. Nd2 Rb8 11. Rab1 Be6 12. Nb3 Qd7 13. Rbd1 Qc8 14. Qd2 f6 15. f4 Qc7 16. fxe5 fxe5 17. Bh6 Rbd8 18. Bxg7 Kxg7 19. Rxf8 Rxf8 20. Ne2 Ng8 21. Qa5 Qf7 22. Qe1 Nf6 23. Qf1 Qe7 24. Qe1 Nh5 25. Qd2 Qf6 26. Ng3 Nf4 27. Rf1 Qg5 28. Qe1 h5 29. h4 Qe7 30. Ne2 Nxe2+ 31. Qxe2 Rxf1+ 32. Qxf1 Qxh4 33. Na5 Bd7 34. Nc4 Qe7 35. Qe1 Be6 36. Na5 Bd7 37. Qc3 Qd8 38. Nc4 Be6 39. Na5 Qb6 40. Nc4 Bxc4 41. dxc4 Qb4 42. Qd3 Qxb2 43. Qxd6 Qd4+ 44. Qxd4 cxd4 45. c5 Kf6 46. g3 Kg5 47. Kf2 Kg4 48. Kg2 g5 49. Kf2 Kh3 50. Kf3 g4+ 51. Kf2 Kh2 0-1

[Event "Piestany op-B"]
[Site "Piestany"]
[Date "2023.07.14"]
[Round "4"]
[White "Silhankova, Simona"]
[Black "Mendelova, Adela"]
[Result "0-1"]
[WhiteElo "1000"]
[BlackElo "1383"]
[PlyCount "116"]
[EventDate "2023.07.11"]
[EventType "swiss"]
[EventRounds "9"]
[EventCountry "SVK"]
[SourceTitle "EXT 2024"]
[Source "ChessBase"]
[SourceDate "2023.10.10"]
[SourceVersion "1"]
[SourceVersionDate "2023.10.10"]
[SourceQuality "1"]

1. e4 e6 2. d4 d5 3. exd5 exd5 4. Qe2+ Qe7 5. Nc3 Qxe2+ 6. Bxe2 c6 7. Nf3 Bf5 8. Bf4 Bxc2 9. Rc1 Bf5 10. 0-0 Be7 11. Rfe1 h6 12. Bc7 Nf6 13. Nh4 Be6 14. Bf3 0-0 15. Ng6 fxg6 16. Rxe6 Bb4 17. Rce1 Nbd7 18. Be5 Rae8 19. Bxf6 Nxf6 20. a3 Bxc3 21. bxc3 Rxe6 22. Rxe6 Re8 23. Rxe8+ Nxe8 24. g4 g5 25. h3 Nd6 26. a4 a5 27. Be2 Kf7 28. Kg2 Ke6 29. f3 Nc4 30. Bxc4 dxc4 31. Kg3 b5 32. axb5 cxb5 33. f4 gxf4+ 34. Kxf4 Kd5 35. Ke3 a4 36. Kd2 a3 37. Kc2 a2 38. Kb2 a1Q+ 39. Kxa1 b4 40. Kb2 b3 41. h4 g6 42. h5 g5 43. Kc1 Ke4 44. Kd2 Kf4 45. d5 Ke5 46. Kc1 Kxd5 47. Kb2 Ke4 48. Ka3 Kd3 49. Kb2 Kd2 50. Kb1 Kxc3 51. Kc1 b2+ 52. Kb1 Kd2 53. Kxb2 c3+ 54. Kb1 c2+ 55. Kb2 c1Q+ 56. Kb3 Qc5 57. Ka2 Kc2 58. Ka1 Qa3# 0-1

[Event "SVK-ch U16 Girls"]
[Site "Dudince"]
[Date "2023.04.22"]
[Round "8"]
[White "Jursova, Elena"]
[Black "Mendelova, Adela"]
[Result "0-1"]
[WhiteElo "1287"]
[BlackElo "1227"]
[PlyCount "110"]
[EventDate "2023.04.16"]
[EventType "swiss"]
[EventRounds "9"]
[EventCountry "SVK"]
[SourceTitle "CBM 213 Extra"]
[Source "ChessBase"]
[SourceDate "2023.05.31"]
[SourceVersion "1"]
[SourceVersionDate "2023.05.31"]
[SourceQuality "1"]

1. e4 c5 2. Nf3 Nc6 3. d4 cxd4 4. Nxd4 g6 5. Nc3 Bg7 6. Be3 Nf6 7. Bc4 Qa5 8. 0-0 0-0 9. f3 Qb4 10. Bb3 d6 11. Qd2 Bd7 12. Nde2 Rac8 13. Bh6 Qc5+ 14. Kh1 Na5 15. Bxg7 Kxg7 16. Nd4 Nxb3 17. Nxb3 Qb6 18. Rae1 Rfd8 19. f4 Be6 20. f5 Bxb3 21. cxb3 Qa5 22. Qf4 Qe5 23. Qh4 h5 24. h3 Nh7 25. Rf3 Qf6 26. Qf2 Rc5 27. Nd5 Qe5 28. fxg6 Ng5 29. Rf5 Nxe4 30. Rxf7+ Kxg6 31. Nxe7+ Qxe7 32. Rxe7 Nxf2+ 33. Kg1 Rf8 34. Rf1 Rc2 35. Re6+ Kg7 36. Re7+ Kg6 37. Re6+ Kg5 38. Re3 h4 39. Re6 Rxb2 40. Rxd6 Rxa2 41. Rd7 Nxh3+ 42. gxh3 Rxf1+ 43. Kxf1 b5 44. Rd4 a6 45. Kg1 Re2 46. b4 Rc2 47. Rd6 Rc4 48. Rxa6 Rxb4 49. Rb6 Kf4 50. Rg6 Ke3 51. Rf6 Rf4 52. Rg6 b4 53. Rb6 Kd3 54. Rc6 Rc4 55. Rb6 Kc3 0-1

[Event "Piestany Slovakia op-B"]
[Site "Piestany"]
[Date "2022.07.15"]
[Round "6"]
[White "Mendelova, Adela"]
[Black "Silhankova, Simona"]
[Result "1-0"]
[WhiteElo "1131"]
[BlackElo "1000"]
[PlyCount "77"]
[EventDate "2022.07.11"]
[EventType "swiss"]
[EventRounds "9"]
[EventCountry "SVK"]
[SourceTitle "CBM 209 Extra"]
[Source "ChessBase"]
[SourceDate "2022.09.30"]
[SourceVersion "1"]
[SourceVersionDate "2022.09.30"]
[SourceQuality "1"]

1. d4 d5 2. c4 e5 3. dxe5 d4 4. Nf3 Nc6 5. Nbd2 Bb4 6. a3 Bc5 7. b4 Be7 8. Nb3 Bf8 9. Nbxd4 Nge7 10. Bb2 Ng6 11. Nxc6 Qxd1+ 12. Rxd1 bxc6 13. e3 Be7 14. Bd3 0-0 15. h4 h5 16. g3 Rd8 17. Be4 Re8 18. Bxc6 Rf8 19. Bxa8 Bg4 20. Be4 f5 21. Bd5+ Kh8 22. Rd2 a6 23. Nh2 Bh3 24. Ke2 Nxe5 25. Bxe5 Kh7 26. Bxc7 Rc8 27. Bf4 Bf6 28. Rb1 Bc3 29. Rc2 Bf6 30. Rcc1 g6 31. c5 Rd8 32. Rd1 Rd7 33. Bg8+ Kxg8 34. Rxd7 Kf8 35. Rbd1 Ke8 36. Ra7 Bc3 37. Rdd7 Bb2 38. Rh7 Kd8 39. Ra8# 1-0

[Event "Piestany Slovakia op-B"]
[Site "Piestany"]
[Date "2022.07.12"]
[Round "2"]
[White "Mendelova, Adela"]
[Black "Dudasko, Mario"]
[Result "0-1"]
[WhiteElo "1131"]
[BlackElo "1866"]
[PlyCount "47"]
[EventDate "2022.07.11"]
[EventType "swiss"]
[EventRounds "9"]
[EventCountry "SVK"]
[SourceTitle "CBM 209 Extra"]
[Source "ChessBase"]
[SourceDate "2022.09.30"]
[SourceVersion "1"]
[SourceVersionDate "2022.09.30"]
[SourceQuality "1"]

1. d4 Nf6 2. c4 g6 3. Nc3 d5 4. Bg5 c6 5. Bxf6 exf6 6. cxd5 cxd5 7. e3 Be6 8. Bb5+ Nc6 9. Nge2 a6 10. Bd3 Bh6 11. Qc2 0-0 12. a3 Rc8 13. 0-0-0 b5 14. b4 Qb6 15. Qb1 Nxd4 16. Kb2 Nxe2 17. Bxe2 f5 18. Nxd5 Bg7+ 19. Ka2 Qc6 20. Bf3 Rfd8 21. Qb3 Bxd5 22. Bxd5 Qc2+ 23. Qxc2 Rxc2+ 24. Kb3 0-1